Japan rising : the resurgence of Japanese power and purpose

Bibliographic Details
Main Author: Pyle, Kenneth B.
Format: Book
Published: New York : Publicaffairs , 2007
Subjects:

MARC

LEADER 00000cam a2200000 7i4500
001 0000023109
005 20080819.0
008 080819
020 |a 1586485672 
090 0 0 |a 327.52   |b PYL 
100 1 |a Pyle, Kenneth B. 
245 1 0 |a Japan rising :   |b the resurgence of Japanese power and purpose   |c Kenneth B. Pyle 
260 |a New York :   |b Publicaffairs ,   |c 2007 
650 0 |a Japan   |x foreign relations   |x 1945- 
650 0 |a Japan   |x politics and government   |x 1945- 
999 |a 0001036787   |b Book   |c Adult Collection   |e Perbadanan Perpustakaan Awam Johor